000 01050cam a22003015a 4500
001 17629389
005 20150813122602.0
008 130219t2013 flua frb 001 0deng d
020 _a9781439896730 (pbk. : alk. paper)
040 _aDLC
_beng
_cDLC
_dEG-ScBUE
043 _an-us---
050 0 0 _aQA76.889
_b.D69 2013
082 0 0 _a004.1
_222
_bDOW
100 1 _aDowling, Jonathan P.
_938341
245 1 0 _aSchrödinger's killer app :
_brace to build the world's first quantum computer /
_cJonathan P. Dowling.
260 _aBoca Raton :
_bCRC Press / Taylor & Francis Group,
_cc.2013.
300 _axi, 441 p. :
_bill. ;
_c24 cm.
500 _aIndex : p. 431-441.
504 _aBibliography : p. 420-430.
650 0 _aQuantum computers
_xResearch
_zUnited States.
_2BUEsh
650 0 _aDowling, Jonathan P.
_xCareer in information science.
_2BUEsh
650 0 _aInformation science.
_2BUEsh
650 0 _aQuantum theory.
_2BUEsh
651 _2BUEsh
653 _bENGGEN
_cJune2015
_cAugust2015
655 _vreading book
_934232
942 _2ddc
999 _c19568
_d19540